000 00803nac a22002531i 4500
003 EG-ScBUE
005 20241022091242.0
008 241022s2003 ii a f 001 0 eng d
020 _a8120300866
020 _a9788120300866
040 _aEG-ScBUE
_beng
_erda
_cEG-ScBUE
_dEG-ScBUE
082 0 4 _a517
_bWID
_222
100 1 _aWidder, David V.,
_eauthor.
245 _aAdvanced calculus /
_cDavid V. Widder, professor of mathematics, Harvard University.
250 _aSecond edition.
264 1 _aNew Delhi :
_bPrentice Hall of India,
_c2003.
300 _a520 pages :
_billustrations ;
_c24 cm
336 _2rdacontent
_atext
_btxt
337 _aunmediated
_2rdamedia
_bn
338 _avolume
_bnc
_2rdacarrier
500 _aIncludes index.
650 7 _aCalculus.
_2BUEsh
942 _cBB
_2ddc
999 _c1242
_d1242